Allied physics / (Record no. 29587)

MARC details
000 -LEADER
fixed length control field 00766nam a22002297a 4500
005 - DATE AND TIME OF LATEST TRANSACTION
control field 2009082509429.0
008 - FIXED-LENGTH DATA ELEMENTS--GENERAL INFORMATION
fixed length control field 090204t xxu||||| |||| 00| 0 eng d
010 ## - LCCN (DPL NO)
LC control number ENG-94883
020 ## - INTERNATIONAL STANDARD BOOK NUMBER
Terms of availability 60.00
035 ## - SYSTEM CONTROL NUMBER
System control number EN-78416
037 ## - SOURCE OF ACQUISITION
Source of stock number/acquisition DBAD / PUB
040 ## - CATALOGING SOURCE
Original cataloging agency dpl
Language of cataloging English
082 ## - DEWEY DECIMAL CLASSIFICATION NUMBER
Classification number 530
100 ## - MAIN ENTRY--PERSONAL NAME
Personal name Mangalam, S.P.
245 ## - TITLE STATEMENT
Title Allied physics /
Statement of responsibility, etc by S.P. Mangalam
260 ## - PUBLICATION, DISTRIBUTION, ETC. (IMPRINT)
Place of publication, distribution, etc Madurai
Name of publisher, distributor, etc Radha Publication
Date of publication, distribution, etc 2008
270 ## - ADDRESS
Address 4/167, Mullai Street, Kurinji Nagar, Reserve Line Post,
City Madurai
Postal code 625014
300 ## - PHYSICAL DESCRIPTION
Extent 123p.
Dimensions 21cm(pbk)
650 ## - SUBJECT ADDED ENTRY--TOPICAL TERM
Topical term or geographic name as entry element Physics.
942 ## - ADDED ENTRY ELEMENTS (KOHA)
Source of classification or shelving scheme Dewey Decimal Classification
Item type English Books
Call number suffix MAN
Classification part 530
Holdings
Withdrawn status Lost status Source of classification or shelving scheme Damaged status Not for loan Collection code Home library Current library Date acquired Source of acquisition Cost, normal purchase price Total Checkouts Full call number Barcode Date last seen Copy number Cost, replacement price Koha item type
    Dewey Decimal Classification   Not For Loan Non-fiction D.B.Act.Division D.B.Act.Division 25/08/2009 DBAD / PUB 60.00   530 MAN EN-78416 25/08/2009 1 60.00 English Books

© Delhi Public Library
Hit Counter
free hit counter